| 000 | 00901nam1a22002651i 4500 | ||
|---|---|---|---|
| 001 | v19\rc\1629284 | ||
| 005 | 20240723102456.0 | ||
| 035 | _a(NLR Aleph) 004745043 | ||
| 090 |
_a4510750 _c4510750 |
||
| 100 | _a20061002d1899 |||y0rusy50 ca | ||
| 101 | 0 | _arus | |
| 102 | _aRU | ||
| 105 | _a z ||||| | ||
| 200 | 1 |
_aК вопросу о влиянии лесов на грунтовые воды _eСт. 2- _fП.В. Отоцкий |
|
| 210 |
_aСанкт-Петербург _cтип. Спб. АО печ. дела в России Е. Евдокимов _d-1899 |
||
| 215 | _d26 | ||
| 700 | 1 |
_aОтоцкий _bП.В. _f1866-1934 _gПавел Владимирович |
|
| 801 | 0 |
_aRU _bNLR _gpsbo |
|
| 801 | 0 |
_aRU _bRuMoRGB _2psbo |
|
| 801 | 1 |
_aRU _bProSoft-M _2rusmarc |
|
| 852 |
_aNLR _j20.59.2.10 |
||
| 899 |
_aRuMoRGB _jC 62/243 |
||
| 899 |
_aRuMoRGB _jA 219/527 |
||
| 899 | _aНБ СПбГУ | ||
| 942 | _cBOOK | ||